[Event "Krakow op-A 34th"]
[Site "Krakow"]
[Date "2024.01.03"]
[Round "8"]
[White "Ongut, Tamas Gunes"]
[Black "Babiarz, Arkadiusz"]
[Result "1-0"]
[WhiteElo "2313"]
[BlackElo "2129"]
[PlyCount "65"]
[EventDate "2023.12.27"]
[EventType "swiss"]
[EventRounds "9"]
[EventCountry "POL"]
[SourceTitle "CB02_2024"]
[SourceDate "2024.01.10"]
[SourceVersion "1"]
[SourceVersionDate "2024.01.10"]
[SourceQuality "1"]

1. d4 d5 2. Nf3 Nf6 3. c4 dxc4 4. e3 e6 5. Bxc4 a6 6. 0-0 c5 7. e4 Nxe4 8. Qe2 Nf6 9. d5 b5 10. dxe6 fxe6 11. Bxe6 Bxe6 12. Ng5 Ra7 13. Nxe6 Re7 14. Re1 Qc8 15. Nc3 Nc6 16. Nd5 Nxd5 17. Qh5+ g6 18. Qxd5 Nd4 19. Ng7+ Bxg7 20. Rxe7+ Kxe7 21. Bg5+ Kf8 22. Re1 Nf5 23. g4 Bh6 24. Bf6 Bg7 25. Re6 Nd4 26. Bxg7+ Kxg7 27. Qe5+ Kg8 28. Re8+ Qxe8 29. Qxe8+ Kg7 30. Qe5+ Kg8 31. Qxc5 Ne6 32. Qc8+ Nf8 33. Qxa6 1-0

[Event "POL-chT 2nd League"]
[Site "Jastrzebia Gora"]
[Date "2023.09.09"]
[Round "8.128"]
[White "Babiarz, Arkadiusz"]
[Black "Miszczak, Dariusz"]
[Result "1-0"]
[WhiteElo "2046"]
[BlackElo "1967"]
[PlyCount "91"]
[EventDate "2023.09.02"]
[EventType "team-swiss"]
[EventRounds "9"]
[EventCountry "POL"]
[SourceTitle "EXT 2024"]
[Source "ChessBase"]
[SourceDate "2023.10.10"]
[SourceVersion "1"]
[SourceVersionDate "2023.10.10"]
[SourceQuality "1"]
[WhiteTeam "Rzeszow RzKSz"]
[BlackTeam "Marklowice Hetman"]
[WhiteTeamCountry "POL"]
[BlackTeamCountry "POL"]

1. e4 c5 2. Nf3 d6 3. c3 Nf6 4. h3 g6 5. Bd3 Bg7 6. Bc2 Nc6 7. 0-0 0-0 8. d4 cxd4 9. cxd4 Nb4 10. Bb3 a5 11. a3 Nc6 12. Nc3 e5 13. d5 Ne7 14. Be3 b5 15. Nd2 Ba6 16. Re1 Nd7 17. a4 b4 18. Nb5 Bxb5 19. axb5 f5 20. f3 h6 21. Nc4 Nc8 22. Ra2 Kh7 23. Qa1 fxe4 24. fxe4 Qh4 25. Rxa5 Rxa5 26. Nxa5 Nc5 27. Bc2 b3 28. Nxb3 Nxb3 29. Bxb3 Qxe4 30. Qa4 Qxa4 31. Bxa4 Ne7 32. Rd1 Bf6 33. b6 Nf5 34. Bf2 e4 35. b7 e3 36. Be1 Bd4 37. Rc1 Ba7 38. Rc8 Kg8 39. Ra8 Bb8 40. Bd1 Nd4 41. Bf3 h5 42. Bc3 Nb5 43. Ba5 Kf7 44. Kf1 Re8 45. Bb6 Kf6 46. Be2 1-0

[Event "POL-chT 2nd League"]
[Site "Jastrzebia Gora"]
[Date "2022.09.10"]
[Round "8.115"]
[White "Babiarz, Arkadiusz"]
[Black "Papka, Sebastian"]
[Result "1-0"]
[WhiteElo "1938"]
[BlackElo "2101"]
[PlyCount "111"]
[EventDate "2022.09.03"]
[EventType "team-swiss"]
[EventRounds "9"]
[EventCountry "POL"]
[SourceTitle "CBM 210 Extra"]
[Source "ChessBase"]
[SourceDate "2022.11.30"]
[SourceVersion "1"]
[SourceVersionDate "2022.11.30"]
[SourceQuality "1"]
[WhiteTeam "Rzeszow RzKSz"]
[BlackTeam "Torun UMK"]
[WhiteTeamCountry "POL"]
[BlackTeamCountry "POL"]

1. e4 c6 2. Nf3 d5 3. d3 Bg4 4. h3 Bxf3 5. Qxf3 e6 6. g3 g6 7. Bg2 Bg7 8. Qe2 Ne7 9. 0-0 0-0 10. c3 Nd7 11. f4 dxe4 12. dxe4 Qc7 13. Be3 f5 14. e5 Nd5 15. Bd4 c5 16. Bf2 Rfd8 17. a4 Rac8 18. Na3 a6 19. Nc4 Bf8 20. a5 Be7 21. Rfd1 Nf8 22. h4 Rd7 23. Bxd5 Rxd5 24. Rxd5 exd5 25. Nb6 Rd8 26. Rd1 Qc6 27. Nxd5 Kf7 28. Nb6 Rxd1+ 29. Qxd1 Ne6 30. Qd7 Qxd7 31. Nxd7 Bd8 32. Nxc5 Nxc5 33. Bxc5 Bxa5 34. Kf1 Ke6 35. Ke2 Kd5 36. Bf2 Bd8 37. Kd3 b5 38. b3 Be7 39. c4+ Kc6 40. Ba7 Bb4 41. Bf2 Be7 42. Kc3 Bd8 43. Kb4 Bc7 44. cxb5+ axb5 45. Bc5 Bd8 46. e6 Bf6 47. e7 Kd7 48. Kxb5 Bc3 49. Bf2 Kxe7 50. b4 Kd6 51. Kc4 Bf6 52. Bc5+ Kc7 53. b5 Bd8 54. Kd5 Kd7 55. b6 Bf6 56. Bd6 1-0

[Event "POL-chT 2nd League"]
[Site "Jastrzebia Gora"]
[Date "2022.09.09"]
[Round "7.121"]
[White "Miszczak, Dariusz"]
[Black "Babiarz, Arkadiusz"]
[Result "0-1"]
[WhiteElo "1998"]
[BlackElo "1938"]
[PlyCount "88"]
[EventDate "2022.09.03"]
[EventType "team-swiss"]
[EventRounds "9"]
[EventCountry "POL"]
[SourceTitle "CBM 210 Extra"]
[Source "ChessBase"]
[SourceDate "2022.11.30"]
[SourceVersion "1"]
[SourceVersionDate "2022.11.30"]
[SourceQuality "1"]
[WhiteTeam "Marklowice Hetman"]
[BlackTeam "Rzeszow RzKSz"]
[WhiteTeamCountry "POL"]
[BlackTeamCountry "POL"]

1. e4 c5 2. Nf3 e6 3. d4 cxd4 4. Nxd4 a6 5. c4 Qc7 6. a3 Nf6 7. Nc3 Be7 8. Be2 0-0 9. Be3 d6 10. 0-0 Nbd7 11. Rc1 b6 12. b4 Bb7 13. f3 Rac8 14. Qb3 Rfe8 15. Rfd1 Qb8 16. Bf2 Bd8 17. Nc2 Bc7 18. g3 Qa8 19. Ne3 Ne5 20. Kg2 Nfd7 21. g4 Kh8 22. Bg3 g6 23. g5 f5 24. gxf6 Nxf6 25. Bxe5 dxe5 26. Kh3 Rf8 27. Rd3 Rf7 28. Rf1 Rcf8 29. Qd1 Nh5 30. Ng2 Qe8 31. Qd2 Qe7 32. Rd1 Bc8 33. Qh6 Bd8 34. Qd2 Bc7 35. Qh6 Rf6 36. Qe3 Rg8 37. Rg1 g5 38. Nd1 Rh6 39. Kg4 Nf4 40. Kg3 Rh3+ 41. Kf2 Nxd3+ 42. Qxd3 g4 43. Nge3 Qh4+ 44. Kf1 gxf3 0-1

[Event "POL-chT 2nd League"]
[Site "Jastrzebia Gora"]
[Date "2022.09.06"]
[Round "4.133"]
[White "Wloch, Mikolaj"]
[Black "Babiarz, Arkadiusz"]
[Result "0-1"]
[WhiteElo "1822"]
[BlackElo "1938"]
[PlyCount "90"]
[EventDate "2022.09.03"]
[EventType "team-swiss"]
[EventRounds "9"]
[EventCountry "POL"]
[SourceTitle "CBM 210 Extra"]
[Source "ChessBase"]
[SourceDate "2022.11.30"]
[SourceVersion "1"]
[SourceVersionDate "2022.11.30"]
[SourceQuality "1"]
[WhiteTeam "Bydgoszcz Chemik"]
[BlackTeam "Rzeszow RzKSz"]
[WhiteTeamCountry "POL"]
[BlackTeamCountry "POL"]

1. e4 c5 2. Nf3 e6 3. d4 cxd4 4. Nxd4 a6 5. a4 Nf6 6. Nc3 Bb4 7. Bd3 Nc6 8. Nxc6 dxc6 9. 0-0 e5 10. h3 0-0 11. Bg5 Be6 12. Ne2 h6 13. Bh4 g5 14. Bg3 Bd6 15. Nc3 Qe7 16. Qe2 Rad8 17. Kh1 Bc8 18. Rae1 Rfe8 19. Nd1 Bb8 20. Ne3 Kg7 21. c3 Rh8 22. Bc2 Rde8 23. Nf5+ Bxf5 24. exf5 Nd5 25. Qh5 Qf6 26. c4 Nb4 27. Bb1 Ba7 28. Qe2 Bd4 29. f3 c5 30. Be4 Re7 31. Rd1 Rd8 32. Rd2 Nc6 33. Rfd1 Rde8 34. Re1 Na7 35. Bf2 Nc8 36. Bxd4 exd4 37. Qd3 Nd6 38. Rde2 Nxf5 39. Bxf5 Rxe2 40. Rxe2 Rxe2 41. Qxe2 Qxf5 42. Qe7 b6 43. b4 Qe6 44. Qc7 d3 45. Qd8 Qe1+ 0-1

[Event "Bystre op 2nd"]
[Site "Bystre"]
[Date "2022.07.23"]
[Round "8"]
[White "Babiarz, Arkadiusz"]
[Black "Lewtak, Damian"]
[Result "1/2-1/2"]
[WhiteElo "2027"]
[BlackElo "2397"]
[PlyCount "66"]
[EventDate "2022.07.17"]
[EventType "swiss"]
[EventRounds "9"]
[EventCountry "POL"]
[SourceTitle "CBM 209 Extra"]
[Source "ChessBase"]
[SourceDate "2022.09.30"]
[SourceVersion "1"]
[SourceVersionDate "2022.09.30"]
[SourceQuality "1"]

1. e4 d6 2. d4 Nf6 3. Nc3 e5 4. Nf3 Nbd7 5. Bc4 Be7 6. 0-0 0-0 7. Re1 c6 8. a4 a5 9. h3 exd4 10. Qxd4 Nc5 11. Be3 Be6 12. Rad1 Qc8 13. Bxe6 Nxe6 14. Qc4 Re8 15. Nd4 Nxe4 16. Nxe4 d5 17. Qd3 dxe4 18. Qxe4 Bf6 19. Qd3 Rd8 20. Qc4 Bxd4 21. Bxd4 Qd7 22. c3 c5 23. Be3 Qxd1 24. Rxd1 Rxd1+ 25. Kh2 b6 26. Qe4 Rdd8 27. Qc6 Rab8 28. f4 g6 29. f5 gxf5 30. Qf3 Re8 31. Bh6 f4 32. Qg4+ Kh8 33. Bxf4 Nxf4 1/2-1/2

[Event "Bystre op 2nd"]
[Site "Bystre"]
[Date "2022.07.19"]
[Round "3"]
[White "Kucharski, Bartlomiej"]
[Black "Babiarz, Arkadiusz"]
[Result "0-1"]
[WhiteElo "2003"]
[BlackElo "2027"]
[PlyCount "130"]
[EventDate "2022.07.17"]
[EventType "swiss"]
[EventRounds "9"]
[EventCountry "POL"]
[SourceTitle "CBM 209 Extra"]
[Source "ChessBase"]
[SourceDate "2022.09.30"]
[SourceVersion "1"]
[SourceVersionDate "2022.09.30"]
[SourceQuality "1"]

1. e4 c5 2. Nf3 e6 3. d3 Nc6 4. g3 d6 5. Bg2 Nf6 6. 0-0 Be7 7. c3 0-0 8. Qe2 e5 9. Na3 h6 10. Nc2 Be6 11. d4 exd4 12. cxd4 d5 13. e5 Ne4 14. dxc5 Bxc5 15. Be3 Qb6 16. Bxc5 Qxc5 17. Rfd1 Rfe8 18. Ne3 Rad8 19. Rac1 Qb6 20. b3 d4 21. Nc4 Bxc4 22. Qxe4 Bd5 23. Qf5 Bxf3 24. Bxf3 Rxe5 25. Qf4 Re6 26. Rd2 Rf6 27. Qe4 Rfd6 28. Rcd1 Qa5 29. h4 R6d7 30. Bg4 Re7 31. Qf4 Re5 32. Bh3 Qc5 33. Bg2 Rde8 34. b4 Qxb4 35. Bxc6 bxc6 36. Rxd4 Qa5 37. Rd7 Qxa2 38. R1d2 Qa1+ 39. Kg2 R5e7 40. Rxe7 Rxe7 41. Qf5 g6 42. Qc8+ Kg7 43. Qxc6 Re1 44. Kh2 Re6 45. Qb7 a5 46. h5 Qf6 47. hxg6 Qxg6 48. Qb5 Qg5 49. Qxg5+ hxg5 50. Rd5 Ra6 51. Rxg5+ Kf6 52. Rb5 a4 53. Rb1 a3 54. Kh3 a2 55. Ra1 Ke5 56. f4+ Kd4 57. Kh4 Kc3 58. g4 Kb2 59. Rxa2+ Rxa2 60. f5 Kc3 61. f6 Kd4 62. Kh5 Rh2+ 63. Kg5 Kd5 64. Kf5 Rf2+ 65. Kg5 Ke5 0-1

[Event "Lazy Baltic Pearl op-A 18th"]
[Site "Lazy"]
[Date "2022.07.01"]
[Round "6"]
[White "Stepinski, Piotr"]
[Black "Babiarz, Arkadiusz"]
[Result "1-0"]
[WhiteElo "1697"]
[BlackElo "2027"]
[PlyCount "57"]
[EventDate "2022.06.26"]
[EventType "swiss"]
[EventRounds "9"]
[EventCountry "POL"]
[SourceTitle "CBM 209 Extra"]
[Source "ChessBase"]
[SourceDate "2022.09.30"]
[SourceVersion "1"]
[SourceVersionDate "2022.09.30"]
[SourceQuality "1"]

1. e4 c5 2. Nf3 e6 3. c3 Nf6 4. e5 Nd5 5. d4 cxd4 6. cxd4 d6 7. Be2 Be7 8. 0-0 0-0 9. Bd2 b6 10. Nc3 Nxc3 11. Bxc3 Bb7 12. Rc1 Nd7 13. b3 dxe5 14. dxe5 Ba3 15. Rc2 Qe7 16. Rd2 Bd5 17. Bc4 Bc6 18. Qe2 Nc5 19. Nd4 Bb7 20. f3 Nd7 21. Rfd1 Qc5 22. Kh1 Bd5 23. Bxd5 exd5 24. Nb5 Qe7 25. Rxd5 Nf6 26. R5d2 Rfe8 27. Qc4 Nh5 28. Nxa3 Qxa3 29. Bb4 1-0

[Event "Lazy Baltic Pearl op-A 18th"]
[Site "Lazy"]
[Date "2022.06.26"]
[Round "1"]
[White "Babiarz, Arkadiusz"]
[Black "Lecki, Leonard"]
[Result "0-1"]
[WhiteElo "2027"]
[BlackElo "1658"]
[PlyCount "114"]
[EventDate "2022.06.26"]
[EventType "swiss"]
[EventRounds "9"]
[EventCountry "POL"]
[SourceTitle "CBM 209 Extra"]
[Source "ChessBase"]
[SourceDate "2022.09.30"]
[SourceVersion "1"]
[SourceVersionDate "2022.09.30"]
[SourceQuality "1"]

1. e4 c5 2. Nf3 e6 3. c3 Nc6 4. d4 d5 5. exd5 Qxd5 6. Na3 Nf6 7. Be2 Be7 8. 0-0 0-0 9. Nc2 b6 10. Bf4 Bb7 11. Ne3 Qd8 12. Qa4 cxd4 13. cxd4 Nb4 14. Rac1 Nbd5 15. Be5 a6 16. Qb3 b5 17. Nd2 Qa5 18. Ndc4 bxc4 19. Qxb7 Qb5 20. Qxb5 axb5 21. a3 Ne4 22. Bf3 f5 23. Rfe1 Bg5 24. Rc2 Bxe3 25. fxe3 Kf7 26. Kf1 g6 27. Ke2 Ke7 28. Rec1 Rfc8 29. g4 c3 30. bxc3 Rxa3 31. gxf5 gxf5 32. Bxe4 fxe4 33. Kd2 Rg8 34. Bg3 Rc8 35. Bf4 Rb3 36. c4 Nb4 37. Rc3 Rxc3 38. Rxc3 bxc4 39. Ra3 Nd5 40. Ra7+ Kf6 41. Rxh7 c3+ 42. Kc1 Nxf4 43. exf4 Kf5 44. Rf7+ Kg4 45. Rf6 e3 46. Rxe6 Kf3 47. f5 e2 48. f6 Kf2 49. Kc2 e1Q 50. Rxe1 Kxe1 51. f7 Ke2 52. d5 Ke3 53. d6 Kd4 54. h4 Kd5 55. d7 Rh8 56. Kxc3 Ke6 57. Kd4 Kxd7 0-1

[Event "POL-chT 2nd League"]
[Site "Sypniewo"]
[Date "2021.09.08"]
[Round "5.12"]
[White "Babiarz, Arkadiusz"]
[Black "Zareba, Radoslaw"]
[Result "1/2-1/2"]
[WhiteElo "2000"]
[BlackElo "2102"]
[PlyCount "151"]
[EventDate "2021.09.04"]
[EventType "team-swiss"]
[EventRounds "9"]
[EventCountry "POL"]
[SourceTitle "CBM 204 Extra"]
[Source "ChessBase"]
[SourceDate "2021.11.30"]
[SourceVersion "1"]
[SourceVersionDate "2021.11.30"]
[SourceQuality "1"]
[WhiteTeam "Rzeszow RzKSz"]
[BlackTeam "Wisznia Mala Bialy Krol II"]
[WhiteTeamCountry "POL"]
[BlackTeamCountry "POL"]

1. e4 Nf6 2. e5 Nd5 3. d4 d6 4. Nf3 g6 5. Bc4 Nb6 6. Bb3 Bg7 7. Ng5 e6 8. f4 a5 9. a4 0-0 10. 0-0 dxe5 11. fxe5 c5 12. c3 Nc6 13. Nf3 Nd5 14. Na3 b6 15. Bg5 Qd7 16. Qd2 Ba6 17. Rf2 cxd4 18. cxd4 Ncb4 19. Nc4 Rac8 20. Nd6 Rc7 21. Ne4 Rfc8 22. h4 Bc4 23. Bxc4 Rxc4 24. Bh6 Rc2 25. Qg5 Rxf2 26. Bxg7 Rxg2+ 27. Kxg2 Kxg7 28. Kh1 h6 29. Qg3 Nd3 30. Nf6 Nxf6 31. exf6+ Kxf6 32. Rd1 Nb4 33. d5 Kg7 34. Ne5 Qd6 35. Rf1 Qxd5+ 36. Kh2 Qb7 37. Rxf7+ Qxf7 38. Nxf7 Kxf7 39. Qf3+ Kg8 40. Qf6 Rc2+ 41. Kg3 Rc6 42. Qxg6+ Kf8 43. Qxh6+ Kf7 44. Qh7+ Kf6 45. h5 e5 46. h6 Kg5 47. Qg7+ Rg6 48. Kh3 Nc6 49. Qc7 Rxh6+ 50. Kg3 Kf5 51. Qxb6 Rf6 52. Kf2 Ke4+ 53. Ke1 Rh6 54. Qg1 Nd4 55. Qg4+ Kd3 56. Qg2 Rc6 57. Qd2+ Ke4 58. Qxa5 Rc1+ 59. Kf2 Rc2+ 60. Kg3 Rxb2 61. Qa8+ Kd3 62. Qa6+ Ke3 63. a5 e4 64. Qc4 Rc2 65. Qxc2 Nxc2 66. a6 Kd2 67. a7 e3 68. a8Q e2 69. Qd5+ Kc1 70. Qg5+ Kd1 71. Qg4 Kd2 72. Qg5+ Kd1 73. Qh5 Kd2 74. Qa5+ Kd1 75. Qh5 Kd2 76. Qg5+ 1/2-1/2

[Event "Lezajsk Merlin Blitz 1st"]
[Site "Lezajsk"]
[Date "2021.08.10"]
[Round "4"]
[White "Babiarz, Arkadiusz"]
[Black "Rasti, Arvin"]
[Result "1-0"]
[WhiteElo "2000"]
[BlackElo "2285"]
[PlyCount "77"]
[EventDate "2021.08.10"]
[EventType "swiss (blitz)"]
[EventRounds "9"]
[EventCountry "POL"]
[SourceTitle "CBM 203 Extra"]
[Source "ChessBase"]
[SourceDate "2021.09.30"]
[SourceVersion "1"]
[SourceVersionDate "2021.09.30"]
[SourceQuality "1"]

1. e4 e6 2. c4 c5 3. Nf3 Nc6 4. d4 cxd4 5. Nxd4 a6 6. Nc3 d6 7. Be3 Qc7 8. Be2 Nf6 9. 0-0 Be7 10. f4 h5 11. Bf3 Bd7 12. Kh1 Ng4 13. Bg1 0-0-0 14. Ndb5 Qb8 15. Na4 axb5 16. cxb5 Rdg8 17. bxc6 Bxc6 18. Nb6+ Kd8 19. e5 d5 20. Rc1 g5 21. f5 Nxe5 22. f6 Bd6 23. b4 g4 24. Be2 h4 25. b5 h3 26. bxc6 hxg2+ 27. Kxg2 Nf3 28. Nxd5 bxc6 29. Rxc6 Nxg1 30. Rxg1 Rxh2+ 31. Kf1 Kd7 32. Ne7 g3 33. Qxd6+ Qxd6 34. Rxd6+ Kxd6 35. Nxg8 Rf2+ 36. Ke1 Rf5 37. Rxg3 Ra5 38. Bc4 Ke5 39. Rg5+ 1-0

[Event "Lezajsk Merlin Blitz 1st"]
[Site "Lezajsk"]
[Date "2021.08.10"]
[Round "6"]
[White "Babiarz, Arkadiusz"]
[Black "Trybowska, Barbara"]
[Result "1-0"]
[WhiteElo "2000"]
[BlackElo "1807"]
[PlyCount "149"]
[EventDate "2021.08.10"]
[EventType "swiss (blitz)"]
[EventRounds "9"]
[EventCountry "POL"]
[SourceTitle "CBM 203 Extra"]
[Source "ChessBase"]
[SourceDate "2021.09.30"]
[SourceVersion "1"]
[SourceVersionDate "2021.09.30"]
[SourceQuality "1"]

1. e4 c5 2. Nf3 d6 3. c3 Nf6 4. h3 Nc6 5. Bd3 e5 6. Bc2 Be7 7. 0-0 0-0 8. d4 cxd4 9. cxd4 Qc7 10. Nc3 a6 11. Be3 b5 12. Rc1 Bb7 13. Nd5 Qd8 14. dxe5 dxe5 15. Bb1 Nxd5 16. exd5 Nb4 17. Nxe5 Qxd5 18. Qxd5 Nxd5 19. Bc5 Bxc5 20. Rxc5 Rac8 21. Rfc1 Rxc5 22. Rxc5 Re8 23. Nf3 g6 24. Kf1 Nf4 25. Rc7 Bxf3 26. gxf3 Nxh3 27. Be4 Ng5 28. Bd5 Rd8 29. Bb3 h5 30. f4 Ne6 31. Rc6 Nxf4 32. Rxa6 Rc8 33. Kg1 h4 34. Rf6 Nh5 35. Rxg6+ Kh7 36. Rg5 Kh6 37. Rxb5 Rg8+ 38. Kh2 Nf4 39. Rf5 Ng6 40. Bxf7 Rg7 41. Bxg6 Kxg6 42. Rf3 Kg5 43. Re3 Kg4 44. a4 Rf7 45. Kg2 Ra7 46. Ra3 Rb7 47. b3 h3+ 48. Kh2 Rf7 49. Ra2 Rf3 50. b4 Rb3 51. b5 Rb1 52. Ra3 Rf1 53. f3+ Kh4 54. f4 Rf2+ 55. Kg1 Rc2 56. a5 Rc1+ 57. Kh2 Rc2+ 58. Kh1 Rc1+ 59. Kh2 Rc2+ 60. Kg1 Rc1+ 61. Kf2 Rc2+ 62. Ke3 Rc1 63. Ra2 Rg1 64. b6 Rg2 65. Ra1 h2 66. Rh1 Kh3 67. Kd4 Rg1 68. Rxh2+ Kxh2 69. Kc5 Rc1+ 70. Kb5 Rb1+ 71. Kc6 Rc1+ 72. Kb7 Kg3 73. a6 Kxf4 74. a7 Rb1 75. a8Q 1-0

[Event "Lezajsk Merlin Blitz 1st"]
[Site "Lezajsk"]
[Date "2021.08.10"]
[Round "3"]
[White "Gaj, Szymon"]
[Black "Babiarz, Arkadiusz"]
[Result "1-0"]
[WhiteElo "1898"]
[BlackElo "2000"]
[PlyCount "107"]
[EventDate "2021.08.10"]
[EventType "swiss (blitz)"]
[EventRounds "9"]
[EventCountry "POL"]
[SourceTitle "CBM 203 Extra"]
[Source "ChessBase"]
[SourceDate "2021.09.30"]
[SourceVersion "1"]
[SourceVersionDate "2021.09.30"]
[SourceQuality "1"]

1. Nf3 d5 2. g3 g6 3. Bg2 Bg7 4. 0-0 e5 5. d3 Nc6 6. e4 dxe4 7. dxe4 Bg4 8. Qxd8+ Rxd8 9. Nc3 Nge7 10. h3 Bxf3 11. Bxf3 Nd4 12. Bd1 f5 13. exf5 gxf5 14. Be3 c5 15. Bh5+ Ng6 16. Bg5 Rd7 17. Ne2 0-0 18. Rad1 e4 19. c3 Nxe2+ 20. Bxe2 Ne5 21. Rxd7 Nxd7 22. Rd1 Ne5 23. Kg2 c4 24. b3 b5 25. Rd5 a6 26. Rd6 Ra8 27. Bf4 Nd3 28. bxc4 bxc4 29. Rc6 Bxc3 30. Rxc4 Bg7 31. Bxd3 exd3 32. Rc5 Rd8 33. Bd2 Kf7 34. Rxf5+ Ke6 35. Ra5 Rd6 36. Kf3 Rb6 37. Ra3 Kd5 38. Rxd3+ Kc4 39. Rb3 Rxb3+ 40. axb3+ Kxb3 41. Kg4 Bc3 42. Bf4 a5 43. Bd6 a4 44. f4 a3 45. Bxa3 Kxa3 46. Kg5 Kb4 47. f5 Kc5 48. Kh6 Kd6 49. g4 Ke7 50. g5 Kf7 51. Kxh7 Bd2 52. h4 Bf4 53. f6 Be5 54. g6+ 1-0

[Event "Lezajsk Merlin Blitz 1st"]
[Site "Lezajsk"]
[Date "2021.08.10"]
[Round "9"]
[White "Rozanski, Mateusz"]
[Black "Babiarz, Arkadiusz"]
[Result "0-1"]
[WhiteElo "1639"]
[BlackElo "2000"]
[PlyCount "84"]
[EventDate "2021.08.10"]
[EventType "swiss (blitz)"]
[EventRounds "9"]
[EventCountry "POL"]
[SourceTitle "CBM 203 Extra"]
[Source "ChessBase"]
[SourceDate "2021.09.30"]
[SourceVersion "1"]
[SourceVersionDate "2021.09.30"]
[SourceQuality "1"]

1. e4 c5 2. Nf3 e6 3. d4 cxd4 4. Nxd4 a6 5. Nc3 Qc7 6. a3 Nf6 7. Be3 b5 8. Bd3 Bb7 9. 0-0 d6 10. f4 Nbd7 11. Qd2 Be7 12. h3 Nc5 13. f5 e5 14. Nde2 Ncxe4 15. Bxe4 Nxe4 16. Nxe4 Bxe4 17. Nc3 Bb7 18. Bg5 f6 19. Be3 Qc6 20. Rad1 0-0 21. Nd5 Qxd5 22. Qxd5+ Bxd5 23. Rxd5 Rac8 24. c3 Rc4 25. Rfd1 Rfc8 26. Kf2 g6 27. g4 Kf7 28. fxg6+ hxg6 29. Kg3 Ke6 30. R5d3 f5 31. Bf2 Re4 32. Kf3 Rf4+ 33. Kg3 fxg4 34. hxg4 Rcc4 35. g5 Rg4+ 36. Kf3 Rxg5 37. b3 Rf4+ 38. Ke3 Rg2 39. R3d2 d5 40. Rf1 Bc5+ 41. Kd3 Rgxf2 42. Rdxf2 Rxf2 0-1

[Event "Subcarpathian-chT"]
[Site "Bystre"]
[Date "2021.06.13"]
[Round "9.15"]
[White "Stefanski, Adam"]
[Black "Babiarz, Arkadiusz"]
[Result "1/2-1/2"]
[WhiteElo "1431"]
[BlackElo "1833"]
[PlyCount "76"]
[EventDate "2021.06.09"]
[EventType "team-tourn"]
[EventRounds "9"]
[EventCountry "POL"]
[SourceTitle "EXT 2022"]
[Source "ChessBase"]
[SourceDate "2021.10.06"]
[SourceVersion "1"]
[SourceVersionDate "2021.10.06"]
[SourceQuality "1"]

1. Nf3 d5 2. e3 c5 3. d4 e6 4. b3 cxd4 5. exd4 Nc6 6. Be2 Bd6 7. 0-0 Nf6 8. Bg5 Qc7 9. Nbd2 Ne4 10. h3 Nb4 11. Nxe4 dxe4 12. Nd2 h6 13. Be3 Nxc2 14. Rc1 Nxe3 15. fxe3 Qe7 16. Nxe4 Ba3 17. Bb5+ Kf8 18. Rc2 a6 19. Bd3 Kg8 20. Rcf2 f5 21. Nd2 b5 22. e4 g6 23. exf5 gxf5 24. Nf3 Bb7 25. Ne5 Kh7 26. Qh5 Rhg8 27. Bxf5+ exf5 28. Qxf5+ Kh8 29. Ng6+ Rxg6 30. Qxg6 Qg5 31. Qxg5 hxg5 32. Rf5 Rd8 33. Rxg5 Rxd4 34. Rf6 Rd1+ 35. Rf1 Rd2 36. Rf2 Rd3 37. Rf4 Rd1+ 38. Rf1 Rd2 1/2-1/2